Devecser und Város-Lőd. Zone 17 Col. XVII /
| Korporativní autor: | Rakousko-Uhersko. Militärgeographisches Institut |
|---|---|
| Další autoři: | Niessner, Adolf, Platenik |
| Jazyk: | Maďarština Němčina |
| Vydáno: |
[Wien] : K.u.k. Militärgeographisches Institut, 1884 |
| Edice: |
Třetí vojenské mapování 1:75 000 ;
5159, 1884 Spezialkarte der österreich-ungarischen Monarchie 1:75 000 ; 5159, 1884 |
| Témata: | |
| Externí odkaz: |
Digitalizovaný dokument
|
| Fyzický popis: |
1 mapa : černobílá ; 37x50 cm, na listu 47x63 cm |
| LEADER | 02606nem a2200565 i 4500 | ||
|---|---|---|---|
| 001 | 001513736 | ||
| 003 | CZ BrMZK | ||
| 005 | 20211110091329.0 | ||
| 007 | aj|aanzn | ||
| 008 | 160226s1884 au a 0| ger d | ||
| 034 | 1 | |a a |b 75000 |d E0172000 |e E0175000 |f N0471500 |g N0470000 | |
| 040 | |a BOA001 |b cze |e rda | ||
| 041 | 0 | |a ger |a hun | |
| 043 | |a e-hu--- | ||
| 072 | 7 | |a 623 |x Vojenská technika |2 Konspekt |9 19 | |
| 072 | 7 | |a 912 |x Mapy. Atlasy. Glóby |2 Konspekt |9 7 | |
| 080 | |a 623.64 |2 MRF | ||
| 080 | |a 913(439) |2 MRF | ||
| 080 | |a (084.3)528.42 |2 MRF | ||
| 080 | |a (084.3)355/359 |2 MRF | ||
| 110 | 1 | |a Rakousko-Uhersko. |b Militärgeographisches Institut |7 kn20060405003 |4 ctg |4 pbl | |
| 245 | 1 | 0 | |a Devecser und Város-Lőd. |p Zone 17 Col. XVII / |c K.u.k. Militärgeographisches Institut ; Schrift u. Gerippe v. Führer Niessner ; Terrainschraffirung v. Hauptm. Platenik |
| 246 | 3 | |a 5159 | |
| 246 | 3 | 0 | |a Zone 17 Col. XVII |
| 255 | |a Měřítko 1:75 000 |c (E 17°20'00"--E 17°50'00"/N 47°15'00"--N 47°00'00") | ||
| 264 | 1 | |a [Wien] : |b K.u.k. Militärgeographisches Institut, |c 1884 | |
| 264 | 2 | |a Wien : |b R. Lechner's k.k. Hof- und Universitäts-Buchhandlung, |c 1884 | |
| 300 | |a 1 mapa : |b černobílá ; |c 37x50 cm, na listu 47x63 cm | ||
| 336 | |a kartografický obraz |b cri |2 rdacontent | ||
| 337 | |a bez média |b n |2 rdamedia | ||
| 338 | |a list |b nb |2 rdacarrier | ||
| 490 | 1 | |a [Die Franzisco-Josephinische Landesaufnahme 1:75 000] ; |v 5159, 1884 | |
| 490 | 1 | |a [Spezialkarte der österreich-ungarischen Monarchie im Maße 1:75 000] ; |v 5159, 1884 | |
| 500 | |a Jednobarevný otisk | ||
| 562 | |a Razítko na rubu: Bibliothek der K.k. Technischen Hochschule in Brünn |5 CZ-BrMZK | ||
| 650 | 7 | |a vojenská topografie |7 ph316247 |2 czenas | |
| 651 | 7 | |a Devecser (Maďarsko : oblast) |7 ge1087375 |2 czenas | |
| 651 | 7 | |a Városlőd (Maďarsko : oblast) |7 ge1095357 |2 czenas | |
| 655 | 7 | |a topografické mapy |7 fd809173 |2 czenas | |
| 655 | 7 | |a vojenské mapy |7 fd133817 |2 czenas | |
| 700 | 1 | |a Niessner, Adolf |7 mub20201080542 |4 ctg | |
| 700 | 1 | |a Platenik |7 mub20201078724 |4 ctg | |
| 787 | 0 | 8 | |t Übersichtsblatt der Spezialkarte 1:75 000 |w 1504372 |
| 830 | 0 | |a Třetí vojenské mapování 1:75 000 ; |v 5159, 1884 | |
| 830 | 0 | |a Spezialkarte der österreich-ungarischen Monarchie 1:75 000 ; |v 5159, 1884 | |
| 856 | 4 | 1 | |u http://www.digitalniknihovna.cz/mzk/uuid/uuid:b11c9ea0-42a8-47fd-892d-b8b319b70548 |y Digitalizovaný dokument |
| 910 | |a BOA001 |b Mpa-0081.473,5159-1884 | ||
| 990 | |a MP | ||
| 991 | |b 201602 | ||
| 994 | |a PAR |l MZK01 |b 001504372 |m 5159 Devecser und Város-Lőd. 1884 |n Übersichtsblatt der Spezialkarte 1:75 000 | ||
English
Čeština 